01970agaaa2200301 45000010005000000030009000050050017000140070009000310080040000400400023000800410013001031000063001161300023001792450220002022500022004222600140004443000034005845080232006185110084008505200375009345380016013095460013013256500056013387000058013947000075014527000077015277000064016048826IT-RoPAU20220918181223.0d cvaizq50131s9999||||xx ||| | || ||und|| aIT-RoPAUcIT-RoPAU aITALIANO aKonchalovsky-Mikhalkov AndrejgCodice regista SPICS: 26000 aPROIEZIONISTA (IL) aPROIEZIONISTA (IL)cProdotto da: Bonivento Claudio -- Sceneggiatura: Konchalovsky-Mikhalkov Andrej Usov Anatoli -- Diretto da: Konchalovsky-Mikhalkov AndrejpPROIEZIONISTA (IL) (Rif. Codice opera principale : C8826) aEdizione Standard aROMA - MOSCA (ITALIA - RUSSIA)bNUMERO UNO INT. - MOSFILM / Distribuzione: PENTA VIDEOg"1992 (1° ed.: 1994 ; Ed. Lingua Orig.: 1992)" aVHSbsonoro, col.c142 minuti a"Fotografia: Guarnieri Ennio; Montaggio: Richardson Henry; Musica: Artemjev Eduard; Sceneggiatura: Konchalovsky-Mikhalkov Andrej Usov Anatoli; Scenografia: Frigerio Ezio; Soggetto: Konchalovsky-Mikhalkov Andrej -- Usov Anatoli" a"Hulce Tom; Davidovich Lolita; Hoskins Bob; Zbruev Alexandre; Chaliapin Feodor" aAMBIENTATO NELLA RUSSIA STALINISTA E BASATO SU UNA STORIA REALMENTE ACCADUTA. UN AUTO SI E' FERMATA SOTTO CASA GLI UOMINI DI BERIA QUELLI DEL KGB SONO VENUTI A PRENDERE MIO MARITO IVAN SANSHIN LO STESSO GIORNO DEL NOSTRO MATRIMONIO. E' DIVENTATO IL PROIEZIONISTA DI STALIN. DESTINO DI DUE GIOVANI RUSSI VITTIME DEL TERRORE ASSOLUTO DELLA RUSSIA DI STALIN. FILM A COLORI. aPAL, STEREO aITALIANO aDRAMMATICOeFILMS [VHS]xCodice MATERIA SPICS: 9960 aArtemjev Eduarde(musica)gCodice Musica SPICS: 22987 aKonchalovsky-Mikhalkov Andrej e(regista)gCodice regista SPICS: 26000 aKonchalovsky-Mikhalkov Andrej e(soggetto)gCodice Soggetto SPICS: 26000 aUsov Anatoli e(soggetto)gCodice Soggetto 2° SPICS: 43173